UBT Library

INTRODUCTION TO LAW AND THE LEGAL SYSTEM (Record no. 59365)

000 -LEADER
fixed length control field 00350nam a22001457a 4500
008 - FIXED-LENGTH DATA ELEMENTS--GENERAL INFORMATION
fixed length control field 230316b ||||| |||| 00| 0 eng d
020 ## - INTERNATIONAL STANDARD BOOK NUMBER
International Standard Book Number 9780618833887
041 ## - LANGUAGE CODE
Language code of text/sound track or separate title eng
080 ## - UNIVERSAL DECIMAL CLASSIFICATION NUMBER
Edition identifier NINTH EDITION
Universal Decimal Classification number 34
082 ## - DEWEY DECIMAL CLASSIFICATION NUMBER
Classification number 34SCH
100 ## - Rafti
Rafti 31
101 ## - Shkurtesa
Shkurtesa JURED
245 ## - TITLE STATEMENT
Title INTRODUCTION TO LAW AND THE LEGAL SYSTEM
Statement of responsibility, etc SCHUBERT.A.F
942 ## - ADDED ENTRY ELEMENTS (KOHA)
Source of classification or shelving scheme
Item type Books
Holdings
Withdrawn status Lost status Source of classification or shelving scheme Damaged status Not for loan Collection code Permanent location Current location Date acquired Total Checkouts Full call number Barcode Date last seen Price effective from Koha item type
          Koleksioni i përgjithshem UBT - Lipjan UBT - Lipjan 03/16/2023   34SCH 002-80001012 03/16/2023 03/16/2023 Books
UBT Library © 2015-2024. All rights reserved University Education for Business and Technology